[Event "European Blitz-ch 2018"]
[Site "Skopje"]
[Date "2018.12.06"]
[Round "9"]
[White "Lobanov, Sergei"]
[Black "Georgiev, Kiril"]
[Result "1-0"]
[WhiteElo "2526"]
[BlackElo "2595"]
[Annotator "TA"]
[PlyCount "142"]
[EventDate "2018.12.06"]
[EventType "swiss"]
[EventCountry "MKD"]

1. e4 c5 2. Nf3 d6 3. d4 cxd4 4. Nxd4 Nf6 5. Nc3 a6 6. f3 e5 7. Nb3 Be6 8. Be3 Nbd7 9. Qd2 h5 10. Be2 Rc8 11. Nd5 Bxd5 12. exd5 g6 13. Na5 Qc7 14. c4 Bg7 15. O-O O-O 16. Rac1 e4 17. f4 Rfe8 18. h3 h4 19. b4 b6 20. Nc6 Nb8 21. Nd4 Nbd7 22. Qe1 a5 23. Nb5 Qb8 24. bxa5 Nc5 25. Rb1 bxa5 26. Qxa5 Red8 27. Nd4 Qa8 28. Qxa8 Rxa8 29. Rb2 Nfd7 30. Rd2 Ra3 31. Kf2 Rda8 32. Nb5 Rxa2 33. Nxd6 Rxd2 34. Bxd2 Ra2 35. Rd1 Bd4+ 36. Kf1 Nb3 37. Be1 Be3 38. Nxe4 f5 39. Ng5 Nd2+ 40. Bxd2 Bxd2 41. Ne6 Be3 42. Bf3 Kf7 43. Rd3 Bc5 44. Rb3 Ra1+ 45. Ke2 Ra2+ 46. Kd1 Ke8 47. Rb7 Bd6 48. Kc1 Nc5 49. Nxc5 Bxc5 50. Rg7 Ra6 51. Kc2 Rb6 52. Rh7 Bf2 53. Rg7 Kf8 54. Rc7 Ra6 55. c5 Ra5 56. c6 Rc5+ 57. Kd3 Bg3 58. Rh7 Bxf4 59. Rxh4 Be5 60. Ra4 Ke7 61. Ra7+ Kf6 62. Rd7 Rc3+ 63. Kd2 Rc4 64. Kd3 Rc3+ 65. Kd2 Rc4 66. Be2 Rd4+ 67. Ke3 Rb4 68. c7 Rb3+ 69. Kf2 Bd4+ 70. Ke1 Rc3 71. d6 Bb6 1-0

[Event "European Blitz-ch 2018"]
[Site "Skopje"]
[Date "2018.12.06"]
[Round "9"]
[White "Santos Ruiz, Miguel"]
[Black "Salgado Lopez, Ivan"]
[Result "1/2-1/2"]
[WhiteElo "2523"]
[BlackElo "2629"]
[Annotator "TA"]
[PlyCount "52"]
[EventDate "2018.12.06"]
[EventType "swiss"]
[EventCountry "MKD"]

1. c4 b6 2. Nc3 c5 3. Nf3 Bb7 4. e3 g6 5. b3 Bg7 6. Bb2 Nf6 7. Be2 O-O 8. O-O d5 9. Nxd5 Nxd5 10. Bxg7 Nxe3 11. dxe3 Kxg7 12. Qc2 Nd7 13. a3 Qc7 14. Rfd1 Rfd8 15. b4 Nf6 16. b5 a6 17. a4 a5 18. Qb2 Kg8 19. Ne5 Rxd1+ 20. Rxd1 Rd8 21. Rxd8+ Qxd8 22. Bf3 Bxf3 23. gxf3 Qd1+ 24. Kg2 Nd7 25. Nxd7 Qxd7 26. Qe5 Qd6 1/2-1/2

[Event "European Blitz-ch 2018"]
[Site "Skopje"]
[Date "2018.12.06"]
[Round "9"]
[White "Nenezic, Marko"]
[Black "Dimitrov, Radoslav"]
[Result "1-0"]
[WhiteElo "2515"]
[BlackElo "2534"]
[Annotator "TA"]
[PlyCount "107"]
[EventDate "2018.12.06"]
[EventType "swiss"]
[EventCountry "MKD"]

1. Nf3 c5 2. c4 Nc6 3. d4 cxd4 4. Nxd4 e6 5. Nc3 Nf6 6. Bf4 Bc5 7. Ndb5 O-O 8. Bd6 Bxd6 9. Nxd6 Ne8 10. e3 Qb6 11. Rb1 Ne5 12. Nxe8 Rxe8 13. Qd4 Qxd4 14. exd4 Nc6 15. Nb5 Rd8 16. Rd1 b6 17. Be2 a6 18. Nd6 Kf8 19. d5 Ne5 20. f4 Ng6 21. O-O Ke7 22. Ne4 d6 23. g3 f5 24. Ng5 exd5 25. Bf3 h6 26. Rfe1+ Kd7 27. Ne6 Bb7 28. Nxd8 Rxd8 29. Bxd5 Bxd5 30. Rxd5 Ne7 31. Rd2 Nc6 32. b3 g6 33. Kg2 b5 34. c5 Kc7 35. Re6 d5 36. Rxg6 d4 37. Rxh6 d3 38. Rd6 Re8 39. R6xd3 Nb4 40. Rf3 a5 41. h4 Na6 42. Rc3 b4 43. Rc4 Kc6 44. Rd6+ Kb7 45. c6+ Kc7 46. Rd7+ Kc8 47. Ra7 Nc7 48. Rxa5 Re2+ 49. Kf3 Rb2 50. Rxb4 Ne6 51. Re5 Nd8 52. Rc4 Kc7 53. Re7+ Kc8 54. c7 1-0

[Event "European Blitz-ch 2018"]
[Site "Skopje"]
[Date "2018.12.06"]
[Round "9"]
[White "Valsecchi, Alessio"]
[Black "Mamedov, Rauf"]
[Result "0-1"]
[WhiteElo "2497"]
[BlackElo "2703"]
[Annotator "TA"]
[PlyCount "62"]
[EventDate "2018.12.06"]
[EventType "swiss"]
[EventCountry "MKD"]

1. c4 c5 2. Nf3 g6 3. d4 cxd4 4. Nxd4 Bg7 5. e4 Nc6 6. Be3 Qb6 7. Nb5 Qa5+ 8. Bd2 Qd8 9. Bc3 Nf6 10. Bd3 d6 11. O-O O-O 12. Nd2 Bg4 13. Be2 Bd7 14. Rc1 Qb6 15. b3 a6 16. Na3 Nb4 17. Ra1 Bc6 18. Nc2 a5 19. a3 Nxc2 20. Qxc2 Rfc8 21. b4 axb4 22. axb4 Rxa1 23. Rxa1 Nxe4 24. c5 Nxc3 25. cxb6 Nxe2+ 26. Kf1 Bxa1 27. Qa2 Bb5 28. Nc4 Rxc4 29. Qa8+ Kg7 30. Qxa1+ f6 31. Ke1 Rc1+ 0-1

[Event "European Blitz-ch 2018"]
[Site "Skopje"]
[Date "2018.12.06"]
[Round "9"]
[White "Sanal, Vahap"]
[Black "Ivic, Velimir"]
[Result "0-1"]
[WhiteElo "2490"]
[BlackElo "2497"]
[Annotator "TA"]
[PlyCount "119"]
[EventDate "2018.12.06"]
[EventType "swiss"]
[EventCountry "MKD"]

1. Nf3 Nf6 2. d4 g6 3. Nbd2 d5 4. e3 Bg7 5. b4 O-O 6. Be2 b6 7. Bb2 Nbd7 8. b5 a6 9. a4 axb5 10. axb5 Rxa1 11. Qxa1 Ne8 12. Qa8 Nd6 13. Qxd5 Bb7 14. Qb3 Qe8 15. Qc3 Nf6 16. O-O Nxb5 17. Qb3 Nd6 18. c4 Nde4 19. Ra1 Nxd2 20. Nxd2 Ne4 21. Nf3 Qc6 22. d5 Qd6 23. Nd4 Nc5 24. Qc2 Qd7 25. Ra7 Ra8 26. Rxa8+ Bxa8 27. h3 e6 28. e4 Bb7 29. Bc3 Ba6 30. g3 Qa4 31. Qxa4 Nxa4 32. Ba1 exd5 33. exd5 Nc5 34. Bc3 Ne4 35. Ba1 Nd6 36. Nb3 Bxa1 37. Nxa1 Bxc4 38. Bf3 Kf8 39. Nc2 Ke7 40. Nb4 Bb5 41. h4 Kf6 42. Bd1 Ke5 43. h5 Kd4 44. g4 Kc3 45. Nc2 Ba4 46. Ne3 Bxd1 47. Nxd1+ Kd4 48. h6 Kxd5 49. Kf1 Ke4 50. Ke2 Kf4 51. f3 Kg5 52. Nc3 c6 53. Ke3 Kxh6 54. Kf4 f6 55. Na4 Nc4 56. Ke4 Kg5 57. Kd4 h5 58. gxh5 gxh5 59. Kxc4 b5+ 60. Kd4 0-1

[Event "European Blitz-ch 2018"]
[Site "Skopje"]
[Date "2018.12.06"]
[Round "9"]
[White "Loginov, Valery A"]
[Black "Beerdsen, Thomas"]
[Result "1/2-1/2"]
[WhiteElo "2478"]
[BlackElo "2477"]
[Annotator "TA"]
[PlyCount "117"]
[EventDate "2018.12.06"]
[EventType "swiss"]
[EventCountry "MKD"]

1. Nf3 Nf6 2. g3 b6 3. Bg2 Bb7 4. O-O g6 5. d3 Bg7 6. e4 O-O 7. Nbd2 c5 8. c3 d5 9. e5 Nfd7 10. Re1 Nc6 11. d4 cxd4 12. cxd4 Rc8 13. a3 e6 14. Nf1 Na5 15. Bg5 Qe8 16. h4 b5 17. N1h2 f6 18. exf6 Nxf6 19. Bxf6 Bxf6 20. Bh3 Rc6 21. Ng4 Nc4 22. Qe2 Bc8 23. Nxf6+ Rxf6 24. Ne5 Rc7 25. Rac1 Qd8 26. Rc3 Nd6 27. Nc6 Qf8 28. Qe5 Rxf2 29. Bxe6+ Bxe6 30. Qxe6+ Kg7 31. Qe5+ Qf6 32. Qxf6+ Rxf6 33. Ne7 Rxc3 34. bxc3 Rf3 35. Nxd5 Rxg3+ 36. Kh2 Rg4 37. Kh3 h5 38. Re7+ Kf8 39. Rxa7 Nf5 40. Nf6 Rxh4+ 41. Kg2 Rf4 42. Nd7+ Ke7 43. Ne5+ Kd6 44. Ra6+ Kd5 45. Nxg6 Rg4+ 46. Kh3 Rg3+ 47. Kh2 Rxc3 48. Nf4+ Kxd4 49. Nxh5 Ne3 50. Nf4 Rc2+ 51. Kg3 Nc4 52. Ne6+ Kc3 53. Nc7 Rb2 54. Nd5+ Kd4 55. Nc7 Rb3+ 56. Kf2 Ne5 57. Rb6 Kc5 58. Rxb5+ Rxb5 59. Nxb5 1/2-1/2

[Event "European Blitz-ch 2018"]
[Site "Skopje"]
[Date "2018.12.06"]
[Round "9"]
[White "Pezelj, Novak"]
[Black "Abozenko, Georg"]
[Result "1-0"]
[WhiteElo "2475"]
[BlackElo "2079"]
[Annotator "TA"]
[PlyCount "63"]
[EventDate "2018.12.06"]
[EventType "swiss"]
[EventCountry "MKD"]

1. Nf3 Nf6 2. c4 e6 3. g3 d5 4. Bg2 Be7 5. O-O O-O 6. d4 dxc4 7. Ne5 Nc6 8. Nxc6 bxc6 9. e3 Rb8 10. Qa4 Nd5 11. Qxc4 Rb6 12. Qc2 Nb4 13. Qd2 c5 14. a3 Na6 15. Nc3 cxd4 16. exd4 c5 17. d5 c4 18. Qc2 Nc5 19. Be3 Rb8 20. Rfd1 exd5 21. Nxd5 Nd3 22. Bxa7 Be6 23. Nxe7+ Qxe7 24. Bxb8 Rxb8 25. Rxd3 cxd3 26. Qxd3 Rxb2 27. a4 g6 28. Qc3 Rb8 29. a5 Qa7 30. h4 Rb3 31. Qf6 Rxg3 32. Rd1 1-0

[Event "European Blitz-ch 2018"]
[Site "Skopje"]
[Date "2018.12.06"]
[Round "9"]
[White "Kalezic, Blazo"]
[Black "Petkidis, Anthony"]
[Result "0-1"]
[WhiteElo "2460"]
[BlackElo "2375"]
[Annotator "TA"]
[PlyCount "192"]
[EventDate "2018.12.06"]
[EventType "swiss"]
[EventCountry "MKD"]

1. e4 e5 2. Nf3 Nc6 3. Bb5 a6 4. Ba4 Nf6 5. O-O Be7 6. Re1 b5 7. Bb3 d6 8. a4 Rb8 9. axb5 axb5 10. c3 O-O 11. d4 exd4 12. cxd4 Bg4 13. Be3 Re8 14. Nbd2 Bf8 15. Qb1 Bh5 16. Qc2 Nb4 17. Qc3 c5 18. Bg5 h6 19. Bh4 Be7 20. Bg3 Rc8 21. Bd1 Qb6 22. Nh4 Bxd1 23. Raxd1 Bf8 24. d5 Nd7 25. Ndf3 g6 26. e5 Bg7 27. Qd2 Nxe5 28. Nxe5 dxe5 29. d6 Rcd8 30. Nf3 e4 31. Nh4 Nd3 32. Rxe4 Rxe4 33. Qxd3 Rd4 34. Qe2 Rxd1+ 35. Qxd1 Bxb2 36. Qe2 Bf6 37. Nf3 c4 38. Nd2 Rxd6 39. Ne4 Re6 40. Nxf6+ Rxf6 41. Qe8+ Kh7 42. Be5 Qe6 43. Qb8 g5 44. h3 b4 45. Bxf6 Qxf6 46. Qxb4 Qe6 47. Qc5 Qe4 48. g3 Kg6 49. Qd6+ f6 50. Qd8 Qe1+ 51. Kg2 Qe4+ 52. Kg1 Qe6 53. Qc7 h5 54. Kg2 Qe4+ 55. Kg1 g4 56. hxg4 hxg4 57. Qc8 Kg5 58. Qg8+ Kf5 59. Qc8+ Ke5 60. Qb8+ Kd4 61. Qb6+ Kd3 62. Qd6+ Qd4 63. Qa6 Kd2 64. Qa2+ Kc1 65. Qa3+ Kb1 66. Qb4+ Kc2 67. Qa4+ Kd2 68. Qa2+ Kc1 69. Qa3+ Qb2 70. Qe3+ Kb1 71. Qe4+ Qc2 72. Qxg4 c3 73. Qb4+ Qb2 74. Qe4+ c2 75. g4 Qc3 76. Kg2 Kb2 77. Qe2 Qc6+ 78. f3 Qc5 79. Qd2 Ka2 80. Qc1 Kb3 81. Kg3 Qc7+ 82. f4 Qc3+ 83. Kh4 Qb2 84. Qe3+ Qc3 85. Qc1 Qf3 86. Kh5 f5 87. Kg5 Qxg4+ 88. Kf6 Qd1 89. Qe3+ Ka2 90. Qe6+ Kb2 91. Qb6+ Kc1 92. Kxf5 Qd5+ 93. Kg6 Kd2 94. Qf2+ Kd3 95. Qf1+ Kc3 96. f5 Kb2 0-1

[Event "European Blitz-ch 2018"]
[Site "Skopje"]
[Date "2018.12.06"]
[Round "9"]
[White "Kevlishvili, Robby"]
[Black "Van Foreest, Jorden"]
[Result "0-1"]
[WhiteElo "2451"]
[BlackElo "2614"]
[Annotator "TA"]
[PlyCount "106"]
[EventDate "2018.12.06"]
[EventType "swiss"]
[EventCountry "MKD"]

1. e4 e5 2. Nf3 Nc6 3. Bb5 g6 4. c3 d6 5. d4 Bd7 6. O-O Bg7 7. Bg5 f6 8. Be3 Nh6 9. dxe5 dxe5 10. Bc4 Qe7 11. b4 b6 12. Qb3 Nf7 13. Rd1 Ncd8 14. Qc2 O-O 15. Nbd2 Kh8 16. h3 Nd6 17. Bb3 N8f7 18. Nc4 f5 19. Nxd6 Nxd6 20. exf5 gxf5 21. Bg5 Qe8 22. Re1 Qg6 23. Be7 e4 24. Bxf8 Rxf8 25. Nh2 f4 26. Kh1 Bf5 27. Qc1 Be5 28. Bd5 Qh5 29. f3 e3 30. c4 Qg5 31. c5 Nb5 32. Ng4 Bg7 33. Qc4 Nc3 34. Be6 b5 35. Qb3 Bd3 36. Rac1 a5 37. Rxc3 a4 38. Qa3 Bg6 39. Qc1 h5 40. Nh2 Qe5 41. Rcxe3 fxe3 42. Qxe3 Qc3 43. Bd5 Qxb4 44. Rd1 Qc3 45. Qxc3 Bxc3 46. Bc6 Rb8 47. Nf1 a3 48. Ne3 b4 49. Be4 Bxe4 50. fxe4 b3 51. axb3 a2 52. Nc2 Rxb3 53. Rd8+ Kg7 0-1

[Event "European Blitz-ch 2018"]
[Site "Skopje"]
[Date "2018.12.06"]
[Round "9"]
[White "Jirovsky, Milos"]
[Black "Zavgorodniy, Sergiy"]
[Result "1-0"]
[WhiteElo "2448"]
[BlackElo "2420"]
[Annotator "TA"]
[PlyCount "96"]
[EventDate "2018.12.06"]
[EventType "swiss"]
[EventCountry "MKD"]

1. e4 g6 2. d4 d6 3. Nc3 Bg7 4. f4 Nf6 5. Nf3 O-O 6. Bd3 Nc6 7. e5 dxe5 8. dxe5 Nd5 9. Bd2 Ndb4 10. Be4 f5 11. Bxc6 Nxc6 12. Qe2 Be6 13. O-O-O Nd4 14. Nxd4 Qxd4 15. Be3 Qb4 16. a3 Qa5 17. Qb5 Qxb5 18. Nxb5 Rfc8 19. Nxa7 Rxa7 20. Bxa7 b6 21. Rd4 Ra8 22. Bxb6 cxb6 23. Rb4 Rb8 24. a4 Kf7 25. Rd1 g5 26. g3 gxf4 27. gxf4 Bh6 28. b3 Rc8 29. Kb2 Rc6 30. Rd8 Bc8 31. Rh8 Kg7 32. Re8 Kf7 33. Rh8 Kg7 34. Re8 Rc7 35. c3 Kf7 36. Rh8 Kg7 37. Rd8 Bb7 38. Rd1 Be4 39. Rf1 Rc6 40. Rd4 Rg6 41. Rf2 Rg4 42. Rb4 Bxf4 43. Rxb6 Bxe5 44. Re2 Rg1 45. a5 Rb1+ 46. Ka3 Bxc3 47. a6 Bd4 48. Rb8 Kf6 1-0

[Event "European Blitz-ch 2018"]
[Site "Skopje"]
[Date "2018.12.06"]
[Round "9"]
[White "Stanojoski, Zvonko"]
[Black "Cheparinov, Ivan"]
[Result "0-1"]
[WhiteElo "2447"]
[BlackElo "2709"]
[Annotator "TA"]
[PlyCount "109"]
[EventDate "2018.12.06"]
[EventType "swiss"]
[EventCountry "MKD"]

1. e4 c6 2. d4 d5 3. Nc3 dxe4 4. Nxe4 Nf6 5. Ng3 g6 6. Bc4 Bg7 7. Nf3 O-O 8. O-O Bg4 9. c3 Nbd7 10. h3 Bxf3 11. Qxf3 e5 12. Bb3 exd4 13. cxd4 Nb6 14. Bg5 Qxd4 15. Rad1 Qe5 16. Bf4 Qxb2 17. Rd2 Qxd2 18. Bxd2 Nfd5 19. a4 a5 20. Ne4 Nb4 21. Bc3 N6d5 22. Bxg7 Kxg7 23. Nd6 b6 24. Qg4 Rad8 25. Nf5+ Kh8 26. Nd4 Rd6 27. Nf3 Kg7 28. Qd4+ f6 29. Qc4 Re8 30. Re1 Rxe1+ 31. Nxe1 Re6 32. Nf3 Re7 33. Qd4 Re8 34. Bxd5 Nxd5 35. Qc4 Nb4 36. Qf4 Re7 37. Qd6 Kf7 38. Qb8 Nd5 39. Nd4 c5 40. Nc6 Rc7 41. Qd8 Ke6 42. Qg8+ Kd6 43. Nd8 c4 44. Qe8 c3 45. Qe6+ Kc5 46. Qe2 Kd6 47. Qe6+ Kc5 48. Qe2 Kd6 49. Qc2 Nb4 50. Qd1+ Ke7 51. Qe2+ Kxd8 52. Qd1+ Kc8 53. Qc1 c2 54. Kh2 Na2 55. Qe1 0-1

[Event "European Blitz-ch 2018"]
[Site "Skopje"]
[Date "2018.12.06"]
[Round "9"]
[White "Nikcevic, Nebojsa"]
[Black "Potapov, Pavel"]
[Result "1-0"]
[WhiteElo "2434"]
[BlackElo "2516"]
[Annotator "TA"]
[PlyCount "52"]
[EventDate "2018.12.06"]
[EventType "swiss"]
[EventCountry "MKD"]

1. Nf3 f5 2. d4 Nf6 3. c4 g6 4. Nc3 Bg7 5. e3 O-O 6. Be2 d6 7. b4 e5 8. dxe5 dxe5 9. Qb3 e4 10. Nd4 Kh8 11. Ba3 c6 12. b5 Re8 13. Rd1 Qc7 14. bxc6 bxc6 15. O-O Nbd7 16. Na4 Ne5 17. Nc5 g5 18. Qa4 f4 19. Rfe1 fxe3 20. fxe3 Bg4 21. Bxg4 Nexg4 22. g3 Qf7 23. Qc2 Ne5 24. Nxe4 Nxe4 25. Qxe4 Nxc4 26. Qd3 Rad8 1-0

[Event "European Blitz-ch 2018"]
[Site "Skopje"]
[Date "2018.12.06"]
[Round "9"]
[White "Radovanovic, Nikola"]
[Black "Esipenko, Andrey"]
[Result "1/2-1/2"]
[WhiteElo "2418"]
[BlackElo "2593"]
[Annotator "TA"]
[PlyCount "57"]
[EventDate "2018.12.06"]
[EventType "swiss"]
[EventCountry "MKD"]

1. d4 Nf6 2. c4 g6 3. Nc3 Bg7 4. e4 d6 5. Nf3 O-O 6. Be2 e5 7. dxe5 dxe5 8. Qxd8 Rxd8 9. Bg5 Rf8 10. Nd5 Nxd5 11. cxd5 c6 12. Bc4 b5 13. Bb3 Bb7 14. Rc1 Rc8 15. O-O c5 16. a4 a6 17. Ne1 Nd7 18. Bd1 c4 19. Bg4 Nc5 20. Bxc8 Rxc8 21. axb5 axb5 22. f3 Nb3 23. Rd1 f6 24. Be3 Bf8 25. Nc2 Bd6 26. Na1 Nc5 27. Nc2 Nb3 28. Na1 Nc5 29. Nc2 1/2-1/2

[Event "European Blitz-ch 2018"]
[Site "Skopje"]
[Date "2018.12.06"]
[Round "9"]
[White "Marjanovic, Dejan"]
[Black "Stevic, Hrvoje"]
[Result "0-1"]
[WhiteElo "2400"]
[BlackElo "2587"]
[Annotator "TA"]
[PlyCount "76"]
[EventDate "2018.12.06"]
[EventType "swiss"]
[EventCountry "MKD"]

1. d4 d5 2. Bf4 Bf5 3. e3 e6 4. Nf3 Nf6 5. Nbd2 Bd6 6. Ne5 h6 7. Bd3 Bxd3 8. Nxd3 Bxf4 9. exf4 O-O 10. O-O Nc6 11. c3 Ne7 12. Re1 Nf5 13. Qb3 Nd6 14. Ne5 b6 15. a4 c5 16. Qa3 Qc7 17. a5 cxd4 18. cxd4 Rfc8 19. g3 Rab8 20. axb6 Rxb6 21. Rec1 Qxc1+ 22. Rxc1 Rxc1+ 23. Kg2 Rc2 24. Qxa7 Rb7 25. Qa8+ Kh7 26. Nef3 Rbxb2 27. Qf8 Nde4 28. Qxf7 Rxd2 29. Nxd2 Rxd2 30. Qxe6 Rxf2+ 31. Kg1 Rc2 32. Qf5+ Kh8 33. Qe6 Nd2 34. Qe2 Nfe4 35. Qd3 Rc3 36. Qa6 Rc2 37. Qa8+ Kh7 38. Qxd5 Nf3+ 0-1

[Event "European Blitz-ch 2018"]
[Site "Skopje"]
[Date "2018.12.06"]
[Round "9"]
[White "Polivanov, Anatoliy"]
[Black "Popov, Valerij"]
[Result "0-1"]
[WhiteElo "2374"]
[BlackElo "2532"]
[Annotator "TA"]
[PlyCount "51"]
[EventDate "2018.12.06"]
[EventType "swiss"]
[EventCountry "MKD"]

1. e4 c6 2. d4 d5 3. exd5 cxd5 4. c4 Nf6 5. Nc3 e6 6. Nf3 Be7 7. cxd5 Nxd5 8. Bd3 O-O 9. O-O Nc6 10. a3 Nf6 11. Re1 b6 12. Bg5 Bb7 13. Rc1 Rc8 14. Bb1 Re8 15. Qd3 g6 16. Ba2 Nh5 17. Ne4 Nf6 18. Bxf6 Bxf6 19. d5 Bxb2 20. Rb1 Ne5 21. Qb3 Nxf3+ 22. Qxf3 exd5 23. Rbd1 Rc7 24. Ng3 Rxe1+ 25. Rxe1 Rc1 26. Rd1 0-1

[Event "European Blitz-ch 2018"]
[Site "Skopje"]
[Date "2018.12.06"]
[Round "9"]
[White "Saveliev, Alexei"]
[Black "Zajic, Milan"]
[Result "1/2-1/2"]
[WhiteElo "2360"]
[BlackElo "2488"]
[Annotator "TA"]
[PlyCount "154"]
[EventDate "2018.12.06"]
[EventType "swiss"]
[EventCountry "MKD"]

1. e4 e5 2. Nf3 Nc6 3. Bb5 a6 4. Ba4 Nf6 5. O-O Be7 6. Re1 b5 7. Bb3 d6 8. c3 O-O 9. h3 Nb8 10. d4 Nbd7 11. c4 Bb7 12. Nc3 c6 13. c5 Qc7 14. cxd6 Bxd6 15. Bg5 exd4 16. Nxd4 h6 17. Bh4 Rad8 18. Nf5 Be5 19. Qf3 Kh7 20. Rad1 g6 21. Ne3 g5 22. Qf5+ Kh8 23. Bg3 Bxg3 24. fxg3 Qxg3 25. Ng4 Nxg4 26. hxg4 Qe5 27. Rd2 Qxf5 28. gxf5 Ne5 29. Red1 Rxd2 30. Rxd2 Kg7 31. Rd6 f6 32. Ne2 Re8 33. Nd4 Bc8 34. Be6 Kf8 35. Bxc8 Rxc8 36. Rxf6+ Kg7 37. Re6 Nc4 38. Nxc6 Nxb2 39. Ne5 Rf8 40. Rg6+ Kh7 41. Ng4 Nd3 42. Rxh6+ Kg7 43. Rg6+ Kh7 44. Rxa6 Nc5 45. Ra7+ Kh8 46. Nf2 g4 47. g3 Re8 48. Ra5 Nxe4 49. Nxe4 Rxe4 50. Rxb5 Re1+ 51. Kf2 Ra1 52. Ra5 Kg7 53. Ra6 Kf7 54. a4 Ra3 55. f6 Rf3+ 56. Kg2 Ra3 57. a5 Kg6 58. Kf2 Kf7 59. Kg2 Kg6 60. Kh2 Kf7 61. Kg2 Kg6 62. Kf2 Kf7 63. Ke2 Rxg3 64. Rb6 Ra3 65. a6 g3 66. Kf1 Ra2 67. Kg1 Kg6 68. Rc6 Kf7 69. Rd6 Kg6 70. Rb6 Kf7 71. Kf1 Kg6 72. Kg1 Kf7 73. Rc6 Kg6 74. Re6 Kf7 75. Rb6 Kg6 76. Rc6 Kf7 77. Rb6 Kg6 1/2-1/2

[Event "European Blitz-ch 2018"]
[Site "Skopje"]
[Date "2018.12.06"]
[Round "9"]
[White "Galopoulos, Nikolaos"]
[Black "Brkic, Ante"]
[Result "0-1"]
[WhiteElo "2356"]
[BlackElo "2563"]
[Annotator "TA"]
[PlyCount "74"]
[EventDate "2018.12.06"]
[EventType "swiss"]
[EventCountry "MKD"]

1. d4 d5 2. c4 e6 3. Nf3 Nf6 4. g3 Bb4+ 5. Nbd2 dxc4 6. Bg2 b5 7. a4 c6 8. O-O Bb7 9. Qc2 O-O 10. b3 c3 11. Nb1 bxa4 12. Rxa4 c5 13. Nxc3 Bc6 14. Ne1 Bxg2 15. Nxg2 Qxd4 16. Na2 Nc6 17. Be3 Qe4 18. Qc1 Rfc8 19. Bxc5 Nd4 20. Bxd4 Rxc1 21. Rxc1 Qxd4 22. Nxb4 Qb2 23. Rca1 Qxb3 24. Ne3 h5 25. Nc6 a6 26. Nb4 a5 27. Nc6 Qb2 28. R4a2 Qc3 29. Nxa5 Ne4 30. Ra4 Qf6 31. f3 Nc3 32. R4a3 Nxe2+ 33. Kf2 Nd4 34. Nec4 Nxf3 35. Kg2 Nd4 36. Rf1 Nf5 37. Raf3 Qd4 0-1

[Event "European Blitz-ch 2018"]
[Site "Skopje"]
[Date "2018.12.06"]
[Round "9"]
[White "Gouloutis, Nikolaos"]
[Black "Stojanovski, Dejan"]
[Result "0-1"]
[WhiteElo "2353"]
[BlackElo "2430"]
[Annotator "TA"]
[PlyCount "62"]
[EventDate "2018.12.06"]
[EventType "swiss"]
[EventCountry "MKD"]

1. d4 Nf6 2. c4 c5 3. d5 b5 4. Qc2 d6 5. e4 bxc4 6. Bxc4 g6 7. Nf3 Bg7 8. O-O O-O 9. h3 Nbd7 10. Re1 Rb8 11. Nc3 Qa5 12. Bf1 Ba6 13. Bxa6 Qxa6 14. e5 dxe5 15. Nxe5 Nxe5 16. Rxe5 Rb7 17. Rb1 Ne8 18. Re1 Nd6 19. Bg5 Re8 20. b3 h6 21. Bf4 Nf5 22. Na4 Nd4 23. Qxc5 Ne2+ 24. Rxe2 Qxe2 25. Qc6 Qb5 26. Rc1 Rd8 27. Nc5 Rb6 28. Qc7 Rxd5 29. a4 Qc6 30. a5 Qxc7 31. Bxc7 Rc6 0-1

[Event "European Blitz-ch 2018"]
[Site "Skopje"]
[Date "2018.12.06"]
[Round "9"]
[White "Putka, Verners"]
[Black "Dvirnyy, Danyyil"]
[Result "0-1"]
[WhiteElo "2307"]
[BlackElo "2485"]
[Annotator "TA"]
[PlyCount "60"]
[EventDate "2018.12.06"]
[EventType "swiss"]
[EventCountry "MKD"]

1. d4 d5 2. Nf3 Nf6 3. g3 g6 4. Bg2 Bg7 5. O-O O-O 6. c4 c6 7. b3 Bf5 8. Bb2 a5 9. Nc3 Ne4 10. Rc1 Nxc3 11. Bxc3 Be4 12. Bh3 Bxf3 13. exf3 e6 14. Qd2 Nd7 15. cxd5 cxd5 16. Rc2 Nb8 17. b4 axb4 18. Bxb4 Re8 19. Rb1 Nc6 20. Bc5 Qf6 21. f4 Nxd4 22. Bxd4 Qxd4 23. Qxd4 Bxd4 24. Rxb7 Rec8 25. Rd2 Rc4 26. g4 Bc5 27. f5 Ra3 28. Kg2 Rcc3 29. Rc7 Bd6 30. Rxc3 Rxc3 0-1

[Event "European Blitz-ch 2018"]
[Site "Skopje"]
[Date "2018.12.06"]
[Round "9"]
[White "Uruci, Besim"]
[Black "Jankovic, Alojzije"]
[Result "0-1"]
[WhiteElo "2137"]
[BlackElo "2557"]
[Annotator "TA"]
[PlyCount "60"]
[EventDate "2018.12.06"]
[EventType "swiss"]
[EventCountry "MKD"]

1. d4 Nf6 2. Nf3 g6 3. g3 c6 4. Bg2 d5 5. O-O Bg7 6. Bf4 h6 7. Ne5 O-O 8. Nd2 Nbd7 9. Nxd7 Nxd7 10. c3 e5 11. dxe5 Nxe5 12. Nf3 Nc4 13. b3 Nd6 14. Be5 Bxe5 15. Nxe5 Qf6 16. f4 Re8 17. Qd4 Qg7 18. c4 f6 19. Nd3 Nf5 20. Qf2 Ne3 21. Rfc1 Bf5 22. cxd5 Nxg2 23. Qxg2 Be4 24. Qf2 Bxd5 25. Nb4 Be4 26. Rd1 Qe7 27. Nd3 Bd5 28. Rd2 Qe4 29. Qf3 Qd4+ 30. Qf2 Qxa1+ 0-1

[Event "European Blitz-ch 2018"]
[Site "Skopje"]
[Date "2018.12.06"]
[Round "10"]
[White "Cheparinov, Ivan"]
[Black "Stanojoski, Zvonko"]
[Result "0-1"]
[WhiteElo "2709"]
[BlackElo "2447"]
[Annotator "TA"]
[PlyCount "40"]
[EventDate "2018.12.06"]
[EventType "swiss"]
[EventCountry "MKD"]

1. d4 d5 2. Nf3 e6 3. c4 c6 4. Nbd2 Nf6 5. g3 b6 6. Bg2 Be7 7. O-O O-O 8. b3 Bb7 9. Bb2 Re8 10. Qc2 Nbd7 11. e4 c5 12. exd5 exd5 13. Rad1 dxc4 14. Nxc4 Be4 15. Qc1 Qc7 16. Rfe1 Bf8 17. dxc5 Bxc5 18. Bd4 Bxf3 19. Rxe8+ Rxe8 20. Bxc5 Bxd1 0-1

[Event "European Blitz-ch 2018"]
[Site "Skopje"]
[Date "2018.12.06"]
[Round "10"]
[White "Mamedov, Rauf"]
[Black "Valsecchi, Alessio"]
[Result "1-0"]
[WhiteElo "2703"]
[BlackElo "2497"]
[Annotator "TA"]
[PlyCount "63"]
[EventDate "2018.12.06"]
[EventType "swiss"]
[EventCountry "MKD"]

1. e4 e5 2. Nf3 Nc6 3. Bc4 Bc5 4. c3 Nf6 5. d3 d6 6. a4 a5 7. O-O h6 8. Re1 O-O 9. Nbd2 Be6 10. b3 Ne7 11. d4 exd4 12. cxd4 Ba7 13. Bf1 d5 14. e5 Nd7 15. Ba3 c5 16. dxc5 Nxc5 17. Nd4 Nc6 18. Nxc6 bxc6 19. Rc1 Nd7 20. Rxc6 Re8 21. Bb5 Qh4 22. g3 Qd4 23. Rxe6 Qxf2+ 24. Kh1 Rxe6 25. Bxd7 Rg6 26. Rf1 Qd4 27. Qf3 f6 28. Be6+ Kh8 29. Qxd5 Rd8 30. Qxd4 Rxd4 31. Nc4 Re4 32. Bf5 1-0

[Event "European Blitz-ch 2018"]
[Site "Skopje"]
[Date "2018.12.06"]
[Round "10"]
[White "Ragger, Markus"]
[Black "Artemiev, Vladislav"]
[Result "0-1"]
[WhiteElo "2687"]
[BlackElo "2709"]
[Annotator "TA"]
[PlyCount "94"]
[EventDate "2018.12.06"]
[EventType "swiss"]
[EventCountry "MKD"]

1. e4 c5 2. Nf3 d6 3. d4 cxd4 4. Nxd4 Nf6 5. Nc3 a6 6. g3 g6 7. Bg2 Bg7 8. O-O O-O 9. h3 Nc6 10. Be3 Bd7 11. Nd5 Rc8 12. c3 Ne5 13. Bg5 e6 14. Nxf6+ Bxf6 15. Bxf6 Qxf6 16. Qe2 b5 17. Rfd1 Rfd8 18. Nc2 Bc6 19. Ne3 Qe7 20. a4 bxa4 21. Qxa6 Qc7 22. Qe2 Rb8 23. Rd4 Qb7 24. Rb4 Qa7 25. b3 Rxb4 26. cxb4 Qd4 27. Nc2 Qb2 28. bxa4 Ra8 29. b5 Bxb5 30. Qxb5 Qxc2 31. a5 Qc3 32. Ra4 Qc1+ 33. Kh2 Qc2 34. Kg1 Qd1+ 35. Kh2 Rc8 36. a6 Rc1 37. Bf1 Nf3+ 38. Kg2 Ne1+ 39. Kh2 Qc2 40. Kg1 Nf3+ 41. Kg2 Ne1+ 42. Kg1 Nd3 43. Qb6 Qd1 44. Kg2 Qxf1+ 45. Kf3 Qd1+ 46. Ke3 Qxa4 47. a7 Ra1 0-1

[Event "European Blitz-ch 2018"]
[Site "Skopje"]
[Date "2018.12.06"]
[Round "10"]
[White "Fridman, Daniel"]
[Black "Anton Guijarro, David"]
[Result "1-0"]
[WhiteElo "2633"]
[BlackElo "2642"]
[PlyCount "69"]
[EventDate "2018.12.06"]
[EventType "swiss"]
[EventCountry "MKD"]

1. Nf3 Nf6 2. c4 e6 3. g3 d5 4. Bg2 Be7 5. O-O O-O 6. d4 Nbd7 7. Qc2 c6 8. Rd1 b6 9. b3 Ba6 10. Nbd2 Qc7 11. e4 Rfc8 12. Bb2 Rab8 13. Rac1 Qd8 14. Bh3 Bb7 15. Qd3 c5 16. exd5 exd5 17. cxd5 Bxd5 18. Ne5 Rc7 19. Nxd7 Nxd7 20. Nf1 Bb7 21. dxc5 Nxc5 22. Qe3 Qf8 23. Be5 Rcc8 24. Bxb8 Rxb8 25. Bg2 Bxg2 26. Kxg2 a5 27. Qf3 Bg5 28. Rc4 Re8 29. h4 Bh6 30. Nh2 f5 31. Qd5+ Kh8 32. Qd6 Qf7 33. Qxb6 Ne4 34. Rd8 g6 35. Rcc8 1-0